[Event "DM G7 grp2 2024"]
[Site "Svendborg"]
[Date "2024.04.01"]
[Round "7"]
[White "Vergara, Adam"]
[Black "Ulmer, Maya Vissing"]
[Result "0-1"]
[WhiteElo "1711"]
[BlackElo "1717"]
[PlyCount "106"]
[WhiteFideId ""]
[BlackFideId "1479997"]
[EventDate "2024.03.26"]
[EventType "swiss"]
[EventRounds "7"]
[EventCountry "DEN"]
[SourceTitle "Live v. Kasper Jerwiarz"]

1. e4 c6 2. d4 d5 3. f3 Qb6 4. Nc3 dxe4 5. fxe4 e5 
6. dxe5 Be6 7. Bd3 Bc5 8. Na4 Qa5+ 9. c3 Bxg1 10. Rxg1 Nd7 
11. Be3 Qxe5 12. Bd4 Qxh2 13. Kd2 Ngf6 14. Qe2 Qc7 15. Nc5 Nxc5 
16. Bxc5 Nd7 17. Bf2 Rd8 18. g4 Qa5 19. Kc1 Ne5 20. Bc2 O-O 
21. Bd4 Ng6 22. Rh1 Qg5+ 23. Be3 Qxg4 24. Qh2 h6 25. e5 Bf5 
26. Bb3 Qe4 27. Bd4 Qf4+ 28. Qxf4 Nxf4 29. Bd1 Nd3+ 30. Kd2 Nxb2 
31. Ke3 Nxd1+ 32. Raxd1 b6 33. Kf4 Be6 34. a3 Rd7 35. Rdg1 Kh7 
36. a4 c5 37. Be3 Rd3 38. Rc1 Rfd8 39. Ke4 Bd5+ 40. Kxd3 Bxh1+ 
41. Kc4 Bc6 42. a5 g5 43. Rb1 bxa5 44. Bxc5 g4 45. Bxa7 h5 
46. Bf2 Rd2 47. Bh4 Rh2 48. Bf6 g3 49. Kc5 Be4 50. Rb8 g2 
51. Kd6 Rh1 52. Ke7 g1=Q 53. Kxf7 Qa7+ 0-1

[Event "DM G7 grp2 2024"]
[Site "Svendborg"]
[Date "2024.04.01"]
[Round "7"]
[White "Bruntse, Caroline Lindegaard"]
[Black "Graabaek, Sebastian"]
[Result "1/2-1/2"]
[WhiteElo "1746"]
[BlackElo "1789"]
[PlyCount "126"]
[WhiteFideId "1472275"]
[BlackFideId "1436627"]
[EventDate "2024.03.26"]
[EventType "swiss"]
[EventRounds "7"]
[EventCountry "DEN"]
[SourceTitle "Live v. Kasper Jerwiarz"]

1. d4 Nf6 2. c4 e6 3. Nc3 Bb4 4. Qc2 O-O 5. a3 Bxc3+ 
6. Qxc3 b6 7. Bg5 h6 8. Bh4 d5 9. Nf3 Nbd7 10. e3 Bb7 
11. Be2 a5 12. O-O dxc4 13. Qxc4 Qc8 14. Rac1 Ba6 15. Qc2 Nd5 
16. Bxa6 Qxa6 17. e4 Nf4 18. Rcd1 c5 19. dxc5 Nxc5 20. Be7 Rfc8 
21. Bxc5 Rxc5 22. Qd2 e5 23. Kh1 f6 24. Nh4 Qb7 25. Rfe1 Rac8 
26. Nf5 Rc2 27. Qe3 Qc7 28. Qb3+ Kh7 29. Rf1 Qc5 30. Qg3 Rc7 
31. Qe3 Rxb2 32. Qxc5 bxc5 33. Rb1 Rcb7 34. Rbc1 Nd3 35. Rc4 Nxf2+ 
36. Kg1 Nd3 37. h3 Rb1 38. Rxb1 Rxb1+ 39. Kh2 Rb3 40. Ra4 Rb7 
41. Rxa5 c4 42. Ne3 c3 43. Rd5 Nf2 44. Rc5 Nxe4 45. Rc4 Nd2 
46. Rxc3 Rb3 47. Rxb3 Nxb3 48. Nc4 Kg6 49. a4 e4 50. a5 Nc5 
51. g3 f5 52. Kg2 Kf6 53. Nd2 g5 54. Nb3 Na6 55. Kf2 Ke5 
56. Nd2 Kd4 57. Ke2 h5 58. Nf1 f4 59. gxf4 gxf4 60. Nd2 h4 
61. Nb3+ Kc3 62. Nd2 Kd4 63. Nb3+ Kc3 1/2-1/2

[Event "DM G7 grp2 2024"]
[Site "Svendborg"]
[Date "2024.04.01"]
[Round "7"]
[White "Gottschalck, Christian"]
[Black "Munksgaard, Bo"]
[Result "0-1"]
[WhiteElo "1828"]
[BlackElo "1750"]
[PlyCount "59"]
[WhiteFideId "1428357"]
[BlackFideId "1407473"]
[EventDate "2024.03.26"]
[EventType "swiss"]
[EventRounds "7"]
[EventCountry "DEN"]
[SourceTitle "Live v. Kasper Jerwiarz"]

1. e4 c5 2. Nf3 e6 3. d4 cxd4 4. Nxd4 a6 5. c4 Qc7 
6. Nc3 Nc6 7. Be3 Nf6 8. f3 Be7 9. a3 O-O 10. b4 b6 
11. Be2 Bb7 12. O-O Ne5 13. Qb3 Rac8 14. Bf4 d6 15. Bxe5 dxe5 
16. Nc2 Nh5 17. g3 g6 18. Ne3 b5 19. c5 Rfd8 20. Kg2 Bg5 
21. Ng4 Rd2 22. h4 Be7 23. Rfd1 Rcd8 24. Rxd2 Rxd2 25. Rd1 Qd8 
26. Rxd2 Qxd2 27. Kh3 Qe1 28. Kh2 Qxg3+ 29. Kh1 Nf4 30. Ne3 0-1

[Event "DM G7 grp2 2024"]
[Site "Svendborg"]
[Date "2024.04.01"]
[Round "7"]
[White "Konradsen, Steen"]
[Black "Dorup, Ivar"]
[Result "1-0"]
[WhiteElo "1705"]
[BlackElo "1732"]
[PlyCount "81"]
[WhiteFideId "1421417"]
[BlackFideId "1476777"]
[EventDate "2024.03.26"]
[EventType "swiss"]
[EventRounds "7"]
[EventCountry "DEN"]
[SourceTitle "Live v. Kasper Jerwiarz"]

1. b3 d5 2. Bb2 e6 3. e3 Nf6 4. Nf3 Be7 5. c4 c6 
6. Nc3 O-O 7. Rc1 Nbd7 8. cxd5 exd5 9. Be2 Re8 10. O-O Bd6 
11. Qc2 Ne5 12. Rfe1 Bg4 13. Nxe5 Bxe2 14. Nxe2 Bxe5 15. Bxe5 Rxe5 
16. h3 Qd7 17. Ng3 Rae8 18. f4 R5e6 19. Qd1 Ne4 20. Nxe4 Rxe4 
21. Qf3 Qe6 22. Re2 d4 23. Kf2 Qd5 24. Ree1 dxe3+ 25. dxe3 Qd2+ 
26. Qe2 Rxf4+ 27. Kg3 Qd6 28. Rcd1 Rd4+ 29. Kf2 Qf6+ 30. Qf3 Rxd1 
31. Rxd1 Qe6 32. Rd4 f5 33. Qd1 Qxe3+ 34. Kf1 Re7 35. Rd8+ Kf7 
36. Qh5+ Kf6 37. Rf8+ Ke6 38. Qxf5+ Kd6 39. Rd8+ Kc7 40. Qa5+ b6 
41. Qd2 1-0